20 największych i 20 najmniejszych krajów pod względem powierzchni - Statystyki

Ogólne statystyki
  • Ten quiz został rozwiązany 8 649 razy
    8 646 od ostatniego zresetowania
  • Średni wynik to 23 z 40
Statystyki odpowiedzi
Lp Powierzchnia w km2 Nazwa Kraju % Poprawnych
1 17 098 242 Rosja
99%
3 9 596 960 Chiny
97%
4 9 526 468 Stany Zjednoczone
97%
2 9 984 670 Kanada
96%
1 0,44 Watykan
94%
5 8 515 767 Brazylia
93%
7 3 287 263 Indie
88%
8 2 780 400 Argentyna
85%
6 7 682 300 Australia
85%
5 61 San Marino
83%
13 1 964 375 Meksyk
79%
9 2 724 900 Kazachstan
78%
2 2 Monako
77%
17 468 Andora
73%
18 1 564 116 Mongolia
70%
10 2 381 741 Algieria
66%
12 2 149 690 Arabia Saudyjska
66%
6 160 Liechtenstein
66%
14 1 904 569 Indonezja
60%
17 1 648 195 Iran
59%
11 2 344 858 Demokratyczna Republika Konga
57%
15 1 861 484 Sudan
54%
10 316 Malta
51%
16 1 759 540 Libia
49%
19 1 285 216 Peru
45%
20 1 284 000 Czad
42%
20 693 Singapur
34%
3 21 Nauru
32%
16 459 Palau
30%
4 26 Tuvalu
30%
15 455 Seszele
29%
8 261 Saint Kitts i Nevis
27%
13 430 Barbados
26%
9 298 Malediwy
26%
18 620 Saint Lucia
26%
7 181 Wyspy Marshalla
26%
14 442 Antigua i Barbuda
25%
12 389 Saint Vincent i Grenadyny
25%
11 344 Grenada
24%
19 620 Bahrajn
20%
Nie znaleziono quizów pasujących do podanych kryteriów
Rozkład punktacji
Procent ludzi z każdym wynikiem
Percentyl według liczby udzielonych odpowiedzi
Twoja historia wyników
Nie rozwiązałeś tego quizu od ostatniego zresetowania